000 002460000a22000970004500
100 1 _aMitchell, William
245 1 0 _aDescubren manuscrito
300 _aVol. 46, Núm 196 (1991), Páginas 17-18
773 0 _tLa Biblia de las Américas
942 _cANA
999 _c51324
_d51324